[Event "31st Bulgarian Open Chmpionshi"]
[Site "Plovdiv, Bulgaria"]
[Date "2009.02.06"]
[Round "8.22"]
[White "Arnaudov, Petar"]
[Black "Mladenov, Plamen"]
[Result "0-1"]
[WhiteElo "2194"]
[BlackElo "2373"]
[PlyCount "150"]
[EventDate "2009.02.01"]

1. Nf3 c5 2. c4 Nf6 3. g3 e6 4. Bg2 d5 5. O-O Nc6 6. b3 Be7 7. Bb2 O-O 8. e3
Re8 9. Qe2 d4 10. exd4 cxd4 11. d3 e5 12. Nbd2 Bg4 13. h3 Bh5 14. g4 Nxg4 15.
hxg4 Bxg4 16. a3 a5 17. Qe1 Qd6 18. Nh2 Bd7 19. Ne4 Qg6 20. Kh1 f5 21. Ng3 Bd6
22. Qe2 e4 23. Qh5 Qxh5 24. Nxh5 exd3 25. Rad1 Re2 26. Bc1 Rf8 27. Nf4 g5 28.
Nxd3 f4 29. Bf3 Rc2 30. Rg1 h6 31. Ng4 Kh7 32. Be4+ Bf5 33. Bxf5+ Rxf5 34. f3
a4 35. b4 Rxc4 36. Ngf2 b5 37. Ne4 Bc7 38. Rg2 Ne5 39. Nxe5 Bxe5 40. Bb2 Rf8
41. Rgd2 Rd8 42. Nf2 Kg6 43. Nd3 Bf6 44. Re2 Rd5 45. Kg2 Rc8 46. Rde1 h5 47.
Re8 Rc2+ 48. R1e2 Rxe2+ 49. Rxe2 Kf5 50. Bc1 Be5 51. Re4 Bf6 52. Kf2 Rd8 53.
Ke2 h4 54. Nf2 Rc8 55. Bd2 Rh8 56. Nh3 Be5 57. Kd3 Rh5 58. Bc1 Rh8 59. Re1 Bf6
60. Bd2 g4 61. fxg4+ Kxg4 62. Nxf4 h3 63. Rg1+ Kf5 64. Ke2 Ke4 65. Nd3 h2 66.
Rh1 Be5 67. Nf2+ Kd5 68. Rc1 Bd6 69. Kf3 Rg8 70. Rh1 Rg1 71. Bf4 Bxf4 72. Kxf4
Rxh1 73. Nxh1 Kc4 74. Nf2 Kb3 75. Ke4 Kxa3 0-1

[Event "31st Bulgarian Open Chmpionshi"]
[Site "Plovdiv, Bulgaria"]
[Date "2009.02.06"]
[Round "8.23"]
[White "Dorfanis, Ilarion"]
[Black "Nadj Hedjesi, Balind"]
[Result "0-1"]
[WhiteElo "2173"]
[BlackElo "2348"]
[PlyCount "121"]
[EventDate "2009.02.01"]

1. d4 d6 2. e4 Nf6 3. Nc3 e5 4. Nf3 exd4 5. Nxd4 Be7 6. Be2 O-O 7. O-O Re8 8.
f4 c5 9. Nb3 Bf8 10. Bf3 a5 11. e5 dxe5 12. Qxd8 Rxd8 13. fxe5 Nfd7 14. Bg5 Re8
15. Bd5 Nxe5 16. Nb5 Na6 17. Rae1 Bd7 18. c4 Bxb5 19. cxb5 Nb4 20. Bxb7 Ra7 21.
Be4 c4 22. Be3 Rae7 23. Bc5 cxb3 24. Bxe7 Bxe7 25. axb3 g6 26. Kh1 Rb8 27. Bd5
Nbd3 28. Bxf7+ Kg7 29. Re2 Rf8 30. b6 Bc5 31. b7 Nxf7 32. Rc2 Rb8 33. Ra1 Bb6
34. h3 Rxb7 35. Ra4 Nc5 36. Rf4 Nxb3 37. Re2 Nd4 38. Re1 Bc5 39. Rf2 Nf5 40.
Rc2 Ng3+ 41. Kh2 Bd6 42. Kg1 Nf5 43. Re8 Be5 44. Ra8 Rb5 45. Ra6 Bxb2 46. g4
Bd4+ 47. Kh2 Ne3 48. Ra2 Be5+ 49. Kg1 Ng5 50. Kf2 Nd1+ 51. Ke1 Rb1 52. Kd2 Rb2+
53. Rxb2 Nxb2 54. h4 Nf3+ 55. Ke3 Nxh4 56. Ke4 Bf6 57. Rxa5 Nc4 58. Rc5 Nd6+
59. Kd5 Nf7 60. Ke6 Nf3 61. Ra5 0-1

[Event "31st Bulgarian Open Chmpionshi"]
[Site "Plovdiv, Bulgaria"]
[Date "2009.02.06"]
[Round "8.24"]
[White "Asparuhov, Parvan"]
[Black "Dinic, Dragan"]
[Result "1-0"]
[WhiteElo "2152"]
[BlackElo "2315"]
[PlyCount "87"]
[EventDate "2009.02.01"]

1. e4 e5 2. Nf3 Nc6 3. d4 exd4 4. Nxd4 Bc5 5. Nb3 Be7 6. Nc3 d6 7. Be2 Nf6 8.
O-O O-O 9. f4 Re8 10. Bf3 Bf8 11. Re1 a5 12. Nb5 a4 13. N3d4 Nxd4 14. Nxd4 Nd7
15. Be3 Nc5 16. Bf2 g6 17. c3 Bg7 18. Rc1 Ne6 19. g3 Bd7 20. Nc2 Nf8 21. Nb4
Qc8 22. Nd5 Be6 23. a3 Nd7 24. g4 Ra5 25. Qd2 Nc5 26. Bxc5 Rxc5 27. h3 Ra5 28.
Rcd1 Ra8 29. Kg2 Qd7 30. Qf2 Bxd5 31. Rxd5 Qe7 32. Red1 Red8 33. g5 f6 34. h4
Rf8 35. Qg3 Rad8 36. Rh1 c6 37. Rdd1 Qf7 38. h5 fxg5 39. hxg6 Qxf4 40. gxh7+
Kh8 41. Rh5 Be5 42. Qxf4 gxf4 43. Bg4 Rf7 44. Rxe5 1-0

[Event "31st Bulgarian Open Chmpionshi"]
[Site "Plovdiv, Bulgaria"]
[Date "2009.02.06"]
[Round "8.25"]
[White "Vasilev, Vasil Aleksandrov"]
[Black "Dobrev, Nayden"]
[Result "1-0"]
[WhiteElo "2306"]
[BlackElo "2142"]
[PlyCount "55"]
[EventDate "2009.02.01"]

1. Nf3 Nf6 2. c4 d6 3. d4 g6 4. Nc3 Bf5 5. g3 Bg7 6. Bg2 Ne4 7. Nh4 Nxc3 8.
bxc3 Bc8 9. O-O O-O 10. Rb1 Nc6 11. f4 e5 12. fxe5 dxe5 13. d5 Ne7 14. e4 Qd6
15. c5 Qxc5+ 16. Kh1 Qd6 17. Qb3 c5 18. dxc6 Qxc6 19. Ba3 Qc7 20. Nf3 Bf6 21.
Nd4 Kg7 22. Nb5 Qc6 23. Rxf6 Qxf6 24. Rf1 Qe6 25. Qb4 Rb8 26. Nc7 Qd7 27. Qxe7
Qxe7 28. Bxe7 1-0

[Event "31st Bulgarian Open Chmpionshi"]
[Site "Plovdiv, Bulgaria"]
[Date "2009.02.06"]
[Round "8.27"]
[White "Klasan, Vladimir"]
[Black "Stoyanov, Stoyan H"]
[Result "1/2-1/2"]
[WhiteElo "2290"]
[BlackElo "2137"]
[PlyCount "55"]
[EventDate "2009.02.01"]

1. e4 e6 2. d4 d5 3. Nc3 dxe4 4. Nxe4 Be7 5. Nf3 Nf6 6. Bd3 Nbd7 7. Qe2 O-O 8.
Bg5 Re8 9. Bxf6 Bxf6 10. O-O-O Be7 11. h4 Nf8 12. g4 f6 13. g5 f5 14. Ned2 c5
15. dxc5 Qa5 16. Kb1 Qxc5 17. h5 a6 18. h6 g6 19. Rhg1 b5 20. Qe5 Qxe5 21. Nxe5
Nd7 22. Nxd7 Bxd7 23. Nf3 Bc6 24. Ne5 Bd5 25. f4 Rac8 26. Rge1 Red8 27. b3 Bb4
28. Re3 1/2-1/2

[Event "31st Bulgarian Open Chmpionshi"]
[Site "Plovdiv, Bulgaria"]
[Date "2009.02.06"]
[Round "8.3"]
[White "Todorov, Ognjan"]
[Black "Mrdja, Milan"]
[Result "0-1"]
[WhiteElo "2303"]
[BlackElo "2386"]
[PlyCount "68"]
[EventDate "2009.02.01"]

1. d4 d6 2. Nf3 g6 3. c4 Bg7 4. Nc3 Nf6 5. e4 O-O 6. Be2 Bg4 7. Be3 Nfd7 8. Rc1
c5 9. d5 Na6 10. O-O Nc7 11. h3 Bxf3 12. Bxf3 Rb8 13. a4 a6 14. Be2 Re8 15. Bg5
h6 16. Bh4 Bd4 17. Kh1 g5 18. Bg3 Nf6 19. f4 Nh7 20. Bd3 e5 21. fxe5 Bxe5 22.
Bxe5 Rxe5 23. Qh5 Qf8 24. Rc2 Qg7 25. Rcf2 Rf8 26. Rf5 Rxf5 27. Rxf5 Nf6 28.
Qd1 Nd7 29. h4 a5 30. hxg5 hxg5 31. Qd2 f6 32. Ne2 Ne5 33. Ng3 Qh7+ 34. Kg1 Qh4
0-1

[Event "31st Bulgarian Open Chmpionshi"]
[Site "Plovdiv, Bulgaria"]
[Date "2009.02.06"]
[Round "8.29"]
[White "Balinov, Feri"]
[Black "Petrov, Marijan"]
[Result "0-1"]
[WhiteElo "2147"]
[BlackElo "2477"]
[PlyCount "84"]
[EventDate "2009.02.01"]

1. Nf3 g6 2. e4 Bg7 3. d4 d6 4. Bc4 Nf6 5. Nbd2 O-O 6. c3 c5 7. d5 Re8 8. O-O
e6 9. dxe6 Bxe6 10. Bxe6 Rxe6 11. Ng5 Re7 12. Re1 h6 13. Nh3 Nc6 14. f3 Ne5 15.
Nf2 Qd7 16. f4 Neg4 17. Nxg4 Qxg4 18. Qxg4 Nxg4 19. h3 Nf6 20. e5 Nd7 21. Nf3
Rae8 22. Kf2 dxe5 23. fxe5 Nxe5 24. Nxe5 Bxe5 25. Kf3 Kg7 26. Be3 b6 27. Rad1
g5 28. Bf2 Kg6 29. g4 h5 30. b4 cxb4 31. cxb4 Re6 32. Rd7 Rf6+ 33. Kg2 hxg4 34.
hxg4 Rf4 35. b5 Rxg4+ 36. Kf1 Ra4 37. Re2 f6 38. Bg3 Kf5 39. Bxe5 Rxe5 40. Rf2+
Kg6 41. Rd6 Rf5 42. Rxf5 Kxf5 0-1

[Event "31st Bulgarian Open Chmpionshi"]
[Site "Plovdiv, Bulgaria"]
[Date "2009.02.06"]
[Round "8.30"]
[White "Ljangov, Petar"]
[Black "Dobrev, Nanko"]
[Result "0-1"]
[WhiteElo "2095"]
[BlackElo "2409"]
[PlyCount "120"]
[EventDate "2009.02.01"]

1. Nf3 c5 2. e4 Nc6 3. Nc3 e5 4. g3 d6 5. Bg2 h5 6. d3 Nd4 7. Nd5 Ne7 8. Nxe7
Bxe7 9. c3 Nc6 10. h4 Bg4 11. Qc2 d5 12. Ng5 d4 13. f3 Bd7 14. Bh3 Bxh3 15.
Nxh3 dxc3 16. bxc3 c4 17. dxc4 Bc5 18. Bg5 f6 19. Rd1 Qa5 20. Bd2 O-O-O 21. Nf2
Rd7 22. Kf1 Rhd8 23. Be1 Qa6 24. Rxd7 Rxd7 25. Qb3 Na5 26. Qb5 Qb6 27. Qxb6
Bxb6 28. Ke2 Nxc4 29. Nd3 Rd6 30. Nb4 Bc5 31. Nd3 Ba3 32. Bf2 Ra6 33. Rb1 Bb2
34. Nxb2 Rxa2 35. Bxa7 Nxb2 36. Be3 Na4+ 37. Kd3 Rg2 38. Bd2 Rxg3 39. Ke3 Rg2
40. Rb4 Nc5 41. Rb5 Ne6 42. Kd3 Rf2 43. Ra5 Rxf3+ 44. Kc4 Nc7 45. Ra1 Kd7 46.
Rg1 Ne6 47. Ra1 Kc6 48. Ra8 Rh3 49. Rc8+ Nc7 50. Rg8 Rxh4 51. Rxg7 Rxe4+ 52.
Kd3 Rg4 53. Rf7 Ne8 54. Rh7 Rg3+ 55. Ke2 Rh3 56. Re7 Nd6 57. Re6 Kd5 58. Re7
Rh2+ 59. Kd1 f5 60. Bh6 f4 0-1

[Event "31st Bulgarian Open Chmpionshi"]
[Site "Plovdiv, Bulgaria"]
[Date "2009.02.06"]
[Round "8.2"]
[White "Spasov, Vasil"]
[Black "Voiska, Margarita"]
[Result "1-0"]
[WhiteElo "2595"]
[BlackElo "2339"]
[PlyCount "87"]
[EventDate "2009.02.01"]

1. e4 d6 2. d4 Nf6 3. Nc3 e5 4. Nf3 Nbd7 5. Bc4 Be7 6. O-O O-O 7. Re1 c6 8. a4
a5 9. h3 exd4 10. Qxd4 Nc5 11. Bf4 Be6 12. Rad1 Qb6 13. Bxe6 fxe6 14. Bxd6 Bxd6
15. Qxd6 Rad8 16. Qe5 Nfd7 17. Qd4 Qxb2 18. Qe3 Qb6 19. Rd6 Nf6 20. Rb1 Qxb1+
21. Nxb1 Rxd6 22. Qxc5 Rd1+ 23. Kh2 Rxb1 24. Ng5 Re8 25. Qd6 h6 26. Nxe6 Rb4
27. e5 Nd5 28. f4 Nxf4 29. Nc7 Rf8 30. e6 Ng6 31. e7 Nxe7 32. Qxe7 Rf7 33. Qe6
Rxa4 34. Nd5 cxd5 35. Qe8+ Rf8 36. Qxa4 b6 37. Qc6 Rf6 38. Qxd5+ Kh7 39. h4 Kh8
40. Kh3 Kh7 41. g4 Kh8 42. Kg3 Kh7 43. g5 hxg5 44. hxg5 1-0

[Event "31st Bulgarian Open Chmpionshi"]
[Site "Plovdiv, Bulgaria"]
[Date "2009.02.06"]
[Round "8.32"]
[White "Petkov, Hristo"]
[Black "Janev, Tihomir"]
[Result "0-1"]
[WhiteElo "2098"]
[BlackElo "2297"]
[PlyCount "123"]
[EventDate "2009.02.01"]

1. e4 Nf6 2. d3 e5 3. Nc3 Nc6 4. Nf3 d5 5. Bg5 d4 6. Nd5 Be6 7. c4 dxc3 8. Nxc3
Be7 9. Be2 O-O 10. O-O Qd7 11. Qd2 Rfd8 12. Rfd1 Ne8 13. Rac1 f6 14. Be3 Nd4
15. Bf1 c5 16. Ne1 Nc7 17. f3 Na6 18. Qf2 Nb4 19. b3 b5 20. h3 a5 21. f4 Nbc6
22. Nf3 a4 23. bxa4 b4 24. Nd5 Bxd5 25. Bxd4 exd4 26. exd5 Qxd5 27. Qc2 Bd6 28.
Qb3 Qxb3 29. axb3 Na5 30. Rb1 Bxf4 31. g4 Ra7 32. Kg2 g6 33. Re1 Kf7 34. Re2
Rd5 35. Nd2 Bxd2 36. Rxd2 Ke6 37. Be2 Kd6 38. Bf1 Re7 39. Re2 Rxe2+ 40. Bxe2
Re5 41. Kf2 Re3 42. Bf1 Kc7 43. Rb2 Kb6 44. Rb1 Nc6 45. Rc1 Nd8 46. a5+ Kb5 47.
a6 Re6 48. Bg2 Rxa6 49. Bd5 Ra2+ 50. Kg3 Nc6 51. Rf1 Ne5 52. Rxf6 Rd2 53. Re6
Rxd3+ 54. Kf4 Rxb3 55. Bxb3 Nd3+ 56. Ke4 Nc1 57. Bc2 b3 58. Bb1 Kc4 59. Rd6 b2
60. Rc6 Nb3 61. Bd3+ Kc3 62. Rb6 0-1

[Event "31st Bulgarian Open Chmpionshi"]
[Site "Plovdiv, Bulgaria"]
[Date "2009.02.06"]
[Round "8.33"]
[White "Galunov, Todor"]
[Black "Gocev, Plamen"]
[Result "1-0"]
[WhiteElo "2297"]
[BlackElo "2094"]
[PlyCount "87"]
[EventDate "2009.02.01"]

1. Nf3 Nf6 2. g3 g6 3. Bg2 Bg7 4. c4 c6 5. O-O d5 6. b3 O-O 7. Bb2 Nbd7 8. d3
Re8 9. Nbd2 e5 10. cxd5 cxd5 11. Qc2 Re6 12. Rac1 Rc6 13. Qb1 Qe7 14. e4 d4 15.
Nc4 Ne8 16. Ba3 Qd8 17. b4 b5 18. Na5 Rxc1 19. Rxc1 Nb6 20. Bb2 Be6 21. Rc5 f6
22. a3 Qd7 23. Nd2 Na4 24. Rc2 Rc8 25. Ndb3 Bf8 26. Ba1 Rc7 27. Qc1 Rxc2 28.
Qxc2 Qc7 29. Nc6 Kg7 30. Nba5 Bd6 31. h4 Qc8 32. Bf3 h5 33. Bd1 a6 34. Qc1 Bc7
35. Bxa4 Bxa5 36. bxa5 bxa4 37. Qc5 Qb7 38. Qb6 Qxb6 39. axb6 Bc8 40. f4 Nd6
41. fxe5 fxe5 42. Nxe5 Nb5 43. Bb2 Bb7 44. Nd7 1-0

[Event "31st Bulgarian Open Chmpionshi"]
[Site "Plovdiv, Bulgaria"]
[Date "2009.02.06"]
[Round "8.34"]
[White "Jevtic, Sasa"]
[Black "Pezelj, Sinisa"]
[Result "1-0"]
[WhiteElo "2275"]
[BlackElo "2056"]
[PlyCount "72"]
[EventDate "2009.02.01"]

1. e4 c6 2. d4 d5 3. e5 Bf5 4. Nf3 e6 5. Be2 Ne7 6. O-O Ng6 7. c3 Be7 8. b4 a5
9. b5 c5 10. a4 c4 11. Na3 Nd7 12. Nc2 Bxc2 13. Qxc2 O-O 14. Ne1 f6 15. f4 fxe5
16. fxe5 Qb6 17. Kh1 Rxf1+ 18. Bxf1 Rf8 19. Nf3 Ndxe5 20. dxe5 Nxe5 21. Qe2 Ng4
22. g3 e5 23. Bh3 Nf2+ 24. Kg2 Bc5 25. Qxe5 Kh8 26. Bf5 Qf6 27. Qxf6 Rxf6 28.
g4 g6 29. Bg5 Rf8 30. Be6 Ne4 31. Bxd5 Nxc3 32. Bxc4 Kg7 33. Bc1 Nd1 34. Bb3
Ne3+ 35. Bxe3 Bxe3 36. Rd1 b6 1-0

[Event "31st Bulgarian Open Chmpionshi"]
[Site "Plovdiv, Bulgaria"]
[Date "2009.02.06"]
[Round "8.35"]
[White "Veleski, Robert"]
[Black "Stoyanov, Ivaylo"]
[Result "1-0"]
[WhiteElo "2269"]
[BlackElo "2047"]
[PlyCount "73"]
[EventDate "2009.02.01"]

1. Nf3 c5 2. b3 Nc6 3. Bb2 d5 4. e3 e6 5. Bb5 a6 6. Bxc6+ bxc6 7. O-O Nf6 8. d3
Bd6 9. Nbd2 O-O 10. e4 Nd7 11. Re1 Re8 12. e5 Bf8 13. Nf1 a5 14. Qd2 a4 15. Qf4
Nb6 16. Ng3 g6 17. Qg4 Bg7 18. Qf4 axb3 19. axb3 Ba6 20. Ra5 Bb5 21. Rxa8 Nxa8
22. Ra1 Nc7 23. c4 Ba6 24. Ng5 Rf8 25. Nf3 Qb8 26. Ba3 Qb6 27. d4 Qxb3 28. Bxc5
Qb2 29. Re1 Rd8 30. Bd6 Rd7 31. Qh4 Bxc4 32. Bxc7 Bf8 33. Bd6 Bxd6 34. exd6 Qb4
35. Ra1 Qxd6 36. Ra8+ Kg7 37. Nh5+ 1-0

[Event "31st Bulgarian Open Chmpionshi"]
[Site "Plovdiv, Bulgaria"]
[Date "2009.02.06"]
[Round "8.36"]
[White "Tzouganakis, Panteleimon"]
[Black "Nikolaidis, Konstantinos"]
[Result "0-1"]
[WhiteElo "2023"]
[BlackElo "2264"]
[PlyCount "86"]
[EventDate "2009.02.01"]

1. e4 c6 2. d4 d5 3. f3 dxe4 4. fxe4 e5 5. Nf3 Bg4 6. Bc4 Nd7 7. O-O Ngf6 8. c3
Bd6 9. Qb3 O-O 10. Qxb7 exd4 11. Qxc6 Ne5 12. Nxe5 Bxe5 13. Bf4 Rc8 14. Qb5
Bxf4 15. Rxf4 Bd7 16. Qb3 Qc7 17. e5 Qxe5 18. Rxd4 Rxc4 19. Na3 Rxd4 20. cxd4
Qxd4+ 21. Kh1 Bc6 22. Qc2 Be4 23. Rd1 Qe5 24. Qe2 h5 25. Nc4 Qg5 26. Qd2 Qh4
27. Qe1 Bxg2+ 28. Kxg2 Qxc4 29. Rd2 Re8 30. Qf1 Qxa2 31. Qf3 Qe6 32. Rf2 Ng4
33. Rd2 Qe5 34. Qg3 Ne3+ 35. Kg1 Qxg3+ 36. hxg3 Rb8 37. Rd7 Rxb2 38. Rxa7 Rg2+
39. Kh1 Rxg3 40. Kh2 h4 41. Ra4 g5 42. Re4 Ng4+ 43. Kh1 Nf2+ 0-1

[Event "31st Bulgarian Open Chmpionshi"]
[Site "Plovdiv, Bulgaria"]
[Date "2009.02.06"]
[Round "8.37"]
[White "Tsakov, Petar"]
[Black "Bonev, Todor"]
[Result "0-1"]
[WhiteElo "1998"]
[BlackElo "2246"]
[PlyCount "70"]
[EventDate "2009.02.01"]

1. d4 Nf6 2. Nf3 g6 3. e3 Bg7 4. Bd3 O-O 5. O-O d6 6. c3 Nbd7 7. Nbd2 c5 8. Re1
a6 9. Bc2 b5 10. Nf1 Bb7 11. Ng3 Qb6 12. Qe2 Rac8 13. Bb3 a5 14. Bd2 Rfe8 15.
Rac1 e5 16. dxe5 Nxe5 17. Nxe5 Rxe5 18. Qf1 Rce8 19. Bd1 c4 20. Bf3 Bxf3 21.
gxf3 Qc6 22. e4 d5 23. f4 R5e7 24. e5 Nd7 25. Be3 f6 26. exf6 Nxf6 27. Rcd1 Bh6
28. Bd4 Ne4 29. Be5 Nc5 30. Ne2 Nd3 31. Nd4 Qd7 32. Re3 Rxe5 33. Rxe5 Rxe5 34.
fxe5 Qg4+ 35. Kh1 Qxd1 0-1

[Event "31st Bulgarian Open Chmpionshi"]
[Site "Plovdiv, Bulgaria"]
[Date "2009.02.06"]
[Round "8.38"]
[White "Janachkov, Angel"]
[Black "Iliev, Atanas"]
[Result "1-0"]
[WhiteElo "2243"]
[BlackElo "1957"]
[PlyCount "81"]
[EventDate "2009.02.01"]

1. g3 Nf6 2. Bg2 e6 3. d3 d5 4. Nf3 Be7 5. O-O O-O 6. Nbd2 b6 7. e4 Bb7 8. e5
Nfd7 9. Re1 c5 10. Nf1 Nc6 11. h4 Qc7 12. Bf4 d4 13. h5 Nb4 14. h6 g6 15. Qe2
Rfe8 16. N1h2 Bc6 17. Bg5 Bf8 18. c4 dxc3 19. bxc3 Nd5 20. Rac1 Qb7 21. Ng4 Ne7
22. Bxe7 Bxe7 23. Qe3 Rad8 24. Qf4 Bxf3 25. Bxf3 Qa6 26. Bc6 Qxd3 27. Red1 Qe2
28. Bxd7 Rf8 29. Nf6+ Kh8 30. Rd2 Qa6 31. a4 Qa5 32. c4 Qb4 33. Rcd1 a6 34. Bc6
Rc8 35. Bb7 Rb8 36. Bxa6 Qxa4 37. Bb5 Qb3 38. Nd7 Rbd8 39. Nxf8 Rxf8 40. Rd7 f5
41. Qd2 1-0

[Event "31st Bulgarian Open Chmpionshi"]
[Site "Plovdiv, Bulgaria"]
[Date "2009.02.06"]
[Round "8.39"]
[White "Venkova, Polina"]
[Black "Ketzetzis, Georgios"]
[Result "0-1"]
[WhiteElo "1771"]
[BlackElo "2243"]
[PlyCount "64"]
[EventDate "2009.02.01"]

1. d4 d5 2. Nf3 c6 3. c4 e6 4. Nc3 Nf6 5. Bg5 dxc4 6. e4 b5 7. a4 Qb6 8. Bxf6
gxf6 9. axb5 cxb5 10. d5 Bc5 11. Qd2 Na6 12. b3 Bb4 13. bxc4 Nc5 14. Qd4 e5 15.
Nxe5 Na4 16. c5 Qa5 17. Rc1 Bxc3+ 18. Rxc3 Qxc3+ 19. Qxc3 Nxc3 20. Nc6 Nxe4 21.
Bxb5 Nxc5 22. O-O Ba6 23. Nxa7+ Bxb5 24. Nxb5 Kd7 25. h3 Rhb8 26. Nd4 Ra4 27.
Rd1 Rb2 28. Nf5 Rf4 29. Nh6 Rfxf2 30. Nxf7 Rxg2+ 31. Kf1 Rbf2+ 32. Ke1 Ne4 0-1

[Event "31st Bulgarian Open Chmpionshi"]
[Site "Plovdiv, Bulgaria"]
[Date "2009.02.07"]
[Round "9.1"]
[White "Mrdja, Milan"]
[Black "Stanojoski, Zvonko"]
[Result "1/2-1/2"]
[WhiteElo "2386"]
[BlackElo "2493"]
[PlyCount "88"]
[EventDate "2009.02.01"]

1. e4 c5 2. Nf3 g6 3. d4 cxd4 4. Qxd4 Nf6 5. Qa4 Bg7 6. Nc3 Ng4 7. h3 Ne5 8.
Nxe5 Bxe5 9. Bh6 Qb6 10. Qb3 Nc6 11. Bc4 Qxb3 12. axb3 Bxc3+ 13. bxc3 d6 14.
Bd5 Bd7 15. b4 e6 16. Bb3 Ke7 17. Be3 Rhc8 18. O-O a5 19. Rfd1 axb4 20. Rxa8
Rxa8 21. cxb4 Rc8 22. c3 Ne5 23. Bd4 Bb5 24. f4 Nc6 25. Bf2 Nb8 26. Bd4 Bc4 27.
Bc2 Nc6 28. Bb6 Ra8 29. Bc7 d5 30. exd5 Bxd5 31. Bd3 Ra2 32. Bf1 Rc2 33. b5 Na7
34. Ba5 Nc8 35. Rd4 b6 36. Bb4+ Ke8 37. c4 Bb7 38. Rd2 Rxd2 39. Bxd2 Kd7 40.
Be3 Ke7 41. Bd4 Nd6 42. Be5 Kd7 43. Bd4 Kc7 44. Be5 Kd7 1/2-1/2

[Event "31st Bulgarian Open Chmpionshi"]
[Site "Plovdiv, Bulgaria"]
[Date "2009.02.07"]
[Round "9.3"]
[White "Chatalbashev, Boris"]
[Black "Marholev, Dimitar"]
[Result "1-0"]
[WhiteElo "2560"]
[BlackElo "2449"]
[PlyCount "49"]
[EventDate "2009.02.01"]

1. d4 d6 2. e4 Nf6 3. Nc3 e5 4. dxe5 dxe5 5. Qxd8+ Kxd8 6. Bg5 Be6 7. O-O-O+
Kc8 8. f4 exf4 9. Nf3 Nbd7 10. Bxf4 Nh5 11. Be3 Bc5 12. Nd4 Nhf6 13. h3 Re8 14.
Bf4 a6 15. a3 Nb6 16. Be2 Bd7 17. Nb3 Nxe4 18. Nxe4 Rxe4 19. Bf3 Be3+ 20. Bxe3
Rxe3 21. Nc5 Bc6 22. Rhe1 Rxf3 23. gxf3 Nc4 24. Re7 Nd6 25. Ne4 1-0

[Event "31st Bulgarian Open Chmpionshi"]
[Site "Plovdiv, Bulgaria"]
[Date "2009.02.07"]
[Round "9.4"]
[White "Antic, Dejan"]
[Black "Arnaudov, G  Petar"]
[Result "1-0"]
[WhiteElo "2495"]
[BlackElo "2347"]
[PlyCount "75"]
[EventDate "2009.02.01"]

1. d4 Nf6 2. Nf3 e6 3. c4 Nc6 4. a3 d6 5. Nc3 g6 6. e4 Bg7 7. Bd3 O-O 8. O-O
Re8 9. Be3 h6 10. h3 Nd7 11. Ne2 a5 12. Qd2 Kh7 13. b4 axb4 14. axb4 Rxa1 15.
Rxa1 Ne7 16. Rc1 b6 17. d5 c5 18. Bc2 e5 19. g4 Nf6 20. Ng3 Nfg8 21. Nh2 Kh8
22. Kh1 f5 23. gxf5 gxf5 24. exf5 Rf8 25. bxc5 bxc5 26. Qe2 Nxf5 27. Rg1 Qh4
28. Nxf5 Bxf5 29. Bxf5 Rxf5 30. Qg4 Qxg4 31. hxg4 Rf7 32. Kg2 Ra7 33. Nf3 Nf6
34. Kh3 Ra4 35. g5 Ng8 36. Kg4 Rxc4+ 37. Kf5 Ra4 38. Rh1 1-0

[Event "31st Bulgarian Open Chmpionshi"]
[Site "Plovdiv, Bulgaria"]
[Date "2009.02.07"]
[Round "9.5"]
[White "Vasovski, Nikola"]
[Black "Simeonov, Stefan"]
[Result "1-0"]
[WhiteElo "2328"]
[BlackElo "2350"]
[PlyCount "67"]
[EventDate "2009.02.01"]

1. Nf3 Nf6 2. c4 c5 3. Nc3 b6 4. e4 Bb7 5. e5 Ng8 6. d4 cxd4 7. Nxd4 Nc6 8. Bf4
e6 9. Ndb5 a6 10. Nd6+ Bxd6 11. Qxd6 Nge7 12. O-O-O h6 13. h4 Ng6 14. Bg3 Rc8
15. f4 Nge7 16. Bf2 Nf5 17. Qd2 Nce7 18. Rh3 h5 19. Na4 Rc6 20. Nxb6 d5 21.
exd6 Rxd6 22. Rd3 Rxd3 23. Qxd3 Qxd3 24. Rxd3 O-O 25. Rd7 Rb8 26. b4 Ng6 27. c5
Nf8 28. Rd2 Ne7 29. a4 Nd5 30. Nxd5 Bxd5 31. b5 Nd7 32. c6 Nf6 33. c7 Rc8 34.
b6 1-0

[Event "31st Bulgarian Open Chmpionshi"]
[Site "Plovdiv, Bulgaria"]
[Date "2009.02.07"]
[Round "9.6"]
[White "Radulski, Julian"]
[Black "Stamenkov, Vanco"]
[Result "1-0"]
[WhiteElo "2579"]
[BlackElo "2333"]
[PlyCount "33"]
[EventDate "2009.02.01"]

1. e4 c5 2. Nc3 Nc6 3. g3 e6 4. Bg2 Nf6 5. f4 d5 6. e5 Nd7 7. Nf3 Be7 8. O-O a6
9. d4 cxd4 10. Ne2 f6 11. Nexd4 Nxd4 12. Nxd4 O-O 13. Nxe6 Qb6+ 14. Kh1 Nxe5
15. Nxf8 Ng4 16. Ne6 Bxe6 17. f5 1-0

[Event "31st Bulgarian Open Chmpionshi"]
[Site "Plovdiv, Bulgaria"]
[Date "2009.02.07"]
[Round "9.7"]
[White "Popchev, Milko"]
[Black "Pavlidis, Antonios"]
[Result "1-0"]
[WhiteElo "2444"]
[BlackElo "2278"]
[PlyCount "67"]
[EventDate "2009.02.01"]

1. Nc3 Nf6 2. e4 e5 3. g3 d5 4. exd5 Nxd5 5. Bg2 Nxc3 6. bxc3 Bd6 7. Nf3 O-O 8.
O-O Nc6 9. Qe2 Re8 10. d3 Bg4 11. Rb1 Rb8 12. Qe4 Qd7 13. Ng5 Bf5 14. Bh3 Bxe4
15. Bxd7 Red8 16. Nxe4 Rxd7 17. g4 b6 18. Be3 Rf8 19. Kh1 Ne7 20. Rg1 Ng6 21.
a4 Nf4 22. Bxf4 exf4 23. Rb5 Re8 24. h3 Re5 25. Kg2 Rde7 26. Kf3 Kf8 27. Rgb1
Ke8 28. c4 f6 29. Re1 Bc5 30. c3 R5e6 31. d4 Bd6 32. Rb2 g6 33. Rbe2 Ba3 34. d5
1-0

[Event "31st Bulgarian Open Chmpionshi"]
[Site "Plovdiv, Bulgaria"]
[Date "2009.02.07"]
[Round "9.8"]
[White "Mladenov, Plamen"]
[Black "Lilov, Valeri"]
[Result "1/2-1/2"]
[WhiteElo "2373"]
[BlackElo "2443"]
[PlyCount "110"]
[EventDate "2009.02.01"]

1. c4 e5 2. Nc3 Nc6 3. g3 f5 4. Bg2 Nf6 5. e3 d5 6. cxd5 Nb4 7. d3 Nfxd5 8.
Nxd5 Nxd5 9. a3 c6 10. Ne2 Bd6 11. O-O Qe7 12. e4 Nf6 13. Nc3 O-O 14. exf5 Bxf5
15. Ne4 h6 16. Be3 Nd5 17. Qc2 Nxe3 18. fxe3 Bxe4 19. Bxe4 Bc5 20. Rxf8+ Rxf8
21. Re1 Bb6 22. Qe2 Qg5 23. Kg2 Rf7 24. h4 Qf6 25. b4 h5 26. b5 g5 27. bxc6
bxc6 28. hxg5 Qxg5 29. Bxc6 Kg7 30. Be8 Rf5 31. Rf1 Rxf1 32. Qxf1 Qf6 33. Qe2
Qg5 34. Qf3 h4 35. g4 Qe7 36. Bh5 Qf6 37. Qe2 Qc6+ 38. Kh2 e4 39. dxe4 Qd6+ 40.
Kh1 Qxa3 41. Qf3 Qc1+ 42. Kg2 Qd2+ 43. Kh3 Qxe3 44. Qxe3 Bxe3 45. Kxh4 Kf6 46.
Be8 a5 47. Bc6 Bc1 48. Kh5 Bd2 49. Kh4 Bg5+ 50. Kg3 Ke5 51. Kf3 Kd4 52. Ke2 Bf4
53. Kd1 Kc3 54. Ke2 Kd4 55. Kf3 Bg5 1/2-1/2

[Event "31st Bulgarian Open Chmpionshi"]
[Site "Plovdiv, Bulgaria"]
[Date "2009.02.07"]
[Round "9.9"]
[White "Nadj Hedjesi, Balind"]
[Black "Dochev, Dimitar"]
[Result "1/2-1/2"]
[WhiteElo "2348"]
[BlackElo "2433"]
[PlyCount "106"]
[EventDate "2009.02.01"]

1. e4 e6 2. b3 d5 3. Bb2 dxe4 4. Nc3 Be7 5. Nxe4 Nf6 6. Qf3 Nbd7 7. g3 Rb8 8.
Bg2 b6 9. d3 Bb4+ 10. Kf1 Be7 11. Re1 Bb7 12. Nxf6+ Bxf6 13. Bxf6 Nxf6 14. Qf4
O-O 15. Bxb7 Rxb7 16. Nf3 c5 17. Kg2 Qd5 18. Re5 Qc6 19. Rhe1 Rc8 20. a4 a6 21.
Kg1 b5 22. axb5 axb5 23. Ra1 h6 24. Nd2 Qc7 25. Nf3 c4 26. bxc4 bxc4 27. d4 Qb8
28. Qc1 Nd5 29. Re1 Qc7 30. Ne5 c3 31. Ng4 Qd8 32. Qd1 Rcb8 33. Rc1 Ra8 34. Ne5
Ra2 35. Qf3 Qf6 36. Qe4 h5 37. Nd3 g6 38. Nc5 Rbb2 39. Qd3 Qf5 40. Ne4 Kg7 41.
Re2 h4 42. Rce1 h3 43. f4 Kg8 44. Qd1 Rb4 45. Rf2 Qh5 46. g4 Qh8 47. f5 Qxd4
48. Qxd4 Rxd4 49. fxe6 fxe6 50. g5 Ra7 51. Rf3 Rf7 52. Rxh3 Rf4 53. Nxc3 Rg4+
1/2-1/2

[Event "31st Bulgarian Open Chmpionshi"]
[Site "Plovdiv, Bulgaria"]
[Date "2009.02.07"]
[Round "9.10"]
[White "Voiska, Margarita"]
[Black "Spassov, Liuben"]
[Result "1/2-1/2"]
[WhiteElo "2339"]
[BlackElo "2417"]
[PlyCount "20"]
[EventDate "2009.02.01"]

1. d4 e6 2. Nf3 c5 3. e3 b6 4. Bd3 Bb7 5. O-O Nf6 6. c4 cxd4 7. exd4 Be7 8. Nc3
d5 9. cxd5 Nxd5 10. Nxd5 Bxd5 1/2-1/2